Analýza verejných výdavkov v oblasti železničnej infraštruktúry na území Slovenska v období od vstupu Slovenskej republiky do Európskej únie bakalárska práca

Salvato in:
Dettagli Bibliografici
Autore principale: Mičko, Tomáš
Ente Autore: Národohospodárska fakulta EU. Katedra financií
Altri autori: Čiernik, Anton
Natura: Libro
Lingua:slovacco
Pubblicazione: Bratislava 2018
Tags: Aggiungi Tag
Nessun Tag, puoi essere il primo ad aggiungerne!!

MARC

LEADER 00000nbm a2200000 4500
001 0247250
005 20181214085443.7
041 0 |a slo 
044 |a SK 
245 1 0 |a Analýza verejných výdavkov v oblasti železničnej infraštruktúry na území Slovenska v období od vstupu Slovenskej republiky do Európskej únie  |b bakalárska práca  |c Tomáš Mičko ; školiteľ: Anton Čiernik 
264 1 |a Bratislava  |c 2018 
300 |a 49 s. 
100 1 |a Mičko, Tomáš 
700 1 |a Čiernik, Anton 
710 2 |a Národohospodárska fakulta EU. Katedra financií